| 000 | 02489cam a22005174i 4500 | ||
|---|---|---|---|
| 003 | PE-LiUPU | ||
| 005 | 20250731172939.0 | ||
| 008 | 150623s1992 miu r 000 0 eng d | ||
| 020 | _a0310585902 | ||
| 035 | _a(Sirsi) i9780310585909 | ||
| 040 |
_aPE-LiUPU _bspa _cPE-LiUPU _erda |
||
| 049 | _aPRUA | ||
| 082 | 0 | 4 |
_a248.4 _bC63 _221 |
| 100 | 1 |
_aCloud, Henry, _eautor. |
|
| 245 | 1 | 0 |
_aBoundaries : _bwhen to say yes, when to say no, to take control of your life / _cHenry Cloud, John Townsend. |
| 264 | 1 |
_aGrand Rapids, Michigan : _bZondervan Publishing House, _c1992. |
|
| 300 |
_a304 páginas ; _c25 centímetros |
||
| 336 |
_atext _2rdacontent |
||
| 337 |
_aunmediated _2rdamedia |
||
| 338 |
_avolume _2rdacarrier |
||
| 505 | 0 | _aPart I: What are boundaries? : A day in a Boundaryless life -- What does a boundary look like? -- Boundary problems -- How Boundaries are developed -- Ten laws of Boundaries -- Commom Boundary Myths -- Part II: Boundary conflicts: Boundaries and your family -- Boundaries and your Friends -- Boundaries and your spouse -- Boundaries and your children -- Boundaries and Work -- Boundaries and your self -- Boundaries and God -- Part III: Developing healthy boundaries: Resistance to Boundaries -- How to measure succes with Boundaries -- A day in a life with Boundaries. | |
| 526 | _aSEG42 | ||
| 526 | _aSEG41 | ||
| 526 | _aSEG40 | ||
| 526 | _aSEG39 | ||
| 526 | _aP94 | ||
| 526 | _aP87 | ||
| 526 | _aP86 | ||
| 526 | _aP85 | ||
| 526 | _aP77 | ||
| 526 | _aP76 | ||
| 526 | _aP35 | ||
| 650 | 0 | 4 | _aConducción de la vida. |
| 650 | 0 | 4 |
_aRelaciones interpersonales _xCristianismo. |
| 650 | 0 | 4 | _aVida cristiana. |
| 700 | 1 |
_aTownsend, John, _eautor. |
|
| 942 |
_2ddc _cBOOK |
||
| 949 |
_a248.4 C63 _wDEWEY _c1 _i44509 _lCCODEBUL1 _mBUL _r0 _sY _tBOOK _u2015-6-24 _xTEOLOGIA _PP35 _0COMPRA _o.STAFF. Colección Teología |
||
| 949 |
_a248.4 C63 _wDEWEY _c2 _i45797 _lCCODEBUL1 _mBUL _r0 _sY _tBOOK _u2015-6-24 _xTEOLOGIA _PP35 _0COMPRA _o.STAFF. Colección Teología |
||
| 994 |
_aC0 _bPEPRU |
||
| 596 | _a1 | ||
| 999 |
_a248.4 C63 _wDEWEY _c21391 _i44509 _f2021-11-10 _g5 _lCCODEBUL1 _mBUL _p9.00 _r0 _sY _tBOOK _u2015-6-24 _xTEOLOGIA _PP35 _0COMPRA _o.STAFF. Colección Teología _d21391 |
||
| 999 |
_a248.4 C63 _wDEWEY _c2 _i45797 _f2021-11-10 _g5 _lCCODEBUL1 _mBUL _p9.00 _r0 _sY _tBOOK _u2015-6-24 _xTEOLOGIA _PP35 _0COMPRA _o.STAFF. Colección Teología |
||
| 980 |
_81 _gALBERTO SANCHEZ Responsable de Automatización |
||